000 01108cad a22002175a 4500
001 E149949
008 100519s2010 xxk f 000 0 eng d
020 _a9780755993086
035 _a(Sirsi) u149949
041 0 _aeng
110 2 _aMarine Scotland
_95740
245 0 0 _aDraft plan for offshore wind energy in Scottish territorial waters
_h[electronic resource]
260 _aEdinburgh
_bMarine Scotland
_c2010
520 _aA consultation on a draft plan which looks at the potential for offshore wind energy developments in Scottish Territorial Waters . Makes recommendations for the short (2010-2020), medium (2020-2030) and long term (2030 onwards). Deadline for comments is 16 August 2010.
590 _aKA
651 4 _aScotland
_y1999-
690 _aENVIRONMENTAL AND LAND CONSULTANCY-ENERGY
856 4 0 _uhttps://www.scotland.gov.uk/Publications/2010/05/14155221/0
_zView the consultation free of charge at www.scotland.gov.uk
856 4 0 _uhttps://www.scotland.gov.uk/Publications/2010/05/14155137/0
_zView the consultation covering letter free of charge at www.scotland.gov.uk
942 _n0
999 _c110684
_d110684